| 000 | 00970 a2200229 4500 | ||
|---|---|---|---|
| 001 | 53104 | ||
| 005 | 20260407155805.0 | ||
| 008 | 260407a1986 arg spa d | ||
| 003 | AR-UNSa-BCEJYS | ||
| 040 |
_aAR-UNSa-BCEJYS _bspa _cAR-UNSa-BCEJYS |
||
| 080 |
_a338.2 _xPolítica económica. Control de la economía. Gestión de la economía. Planificación económica |
||
| 245 | 1 | 0 | _aSalarios y política económica |
| 020 | _a950-43-0758-2 | ||
| 264 | 1 |
_aBuenos Aires : _bEdiciones del IDES _c1986 |
|
| 300 |
_a159 p. _c17 cm. |
||
| 505 | _a1. Salarios y mercado de trabajo.La explicación neoclásica - 2. Las teorías clásicas - 3.El análisis poskeynesiano de la determinación de los salarios - 4. Salarios, empleo y política económica | ||
| 041 | _aspa | ||
| 942 | _cBK | ||
| 590 | _aniveau_biblio:m niveau_hierar:0 | ||
| 100 | 1 | _aCarciofi, Ricardo | |
| 856 | 4 | 1 |
_uhttps://www.biblioeco.unsa.edu.ar/pmb/images/libros/L128344.jpg _yImagen de portada _qimage/jpeg |
| 999 |
_c5087 _d5087 |
||